Look At Me, I'm Sandra Dee Quiz Stats

 Plays Quiz not verified by Sporcle

Support Sporcle.
Go Orange.
Score 0/128 Timer 07:00
0 Plays Today
% Correct
me
99.7%
me
99.7%
me!
99.7%
Look
99.5%
at
99.5%
I'm
99.2%
Sandra
99.2%
Dee,
99.2%
I'm
99.2%
I'm
99.2%
Sandra
99.2%
Dee!
99.2%
I'm
99.2%
I'm
99.2%
I'm
99.2%
Sandra
99.2%
Dee!
99.2%
I'm
99.2%
Sandra
99.2%
Dee
99.2%
with
95.9%
with
95.9%
to
94.8%
to
94.8%
be!
94.8%
to
94.8%
go
94.5%
virginity.
94%
Won't
93.2%
Won't
93.2%
bed
91.8%
wed
91.5%
do
91.2%
legally
90.7%
can't
88.8%
that
87.4%
that
87.4%
that
87.4%
from
87.1%
from
87.1%
you
86.8%
you
86.8%
you
86.8%
% Correct
'till
86%
lousy
85.8%
Keep
84.9%
Elvis,
84.9%
Elvis,
84.9%
Keep
84.9%
keep
84.9%
no
83.6%
my
82.7%
my
82.7%
don't
81.1%
don't
81.1%
of
80.8%
your
79.2%
your
79.2%
your
79.2%
pelvis
78.9%
far
78.9%
drink
77.3%
get
77.3%
let
77.3%
I
77%
I
77%
I
77%
I
77%
I
77%
I
77%
one
75.9%
ill
75.6%
off
75.6%
what
75.3%
know
74.2%
not
74%
paws
74%
up
73.2%
silky
73.2%
was
72.6%
cigarette
72.6%
filthy
72.3%
Day,
72.1%
Day
72.1%
for
72.1%
Doris
71.8%
% Correct
way.
71.8%
Doris
71.8%
brought
71.5%
hair
71.5%
As
70.7%
wanna
69.6%
it!
69%
Hey
69%
Hey!
69%
Troy
66.3%
drawers
65.2%
Would
65.2%
just
63.8%
Just
63.8%
swear
63%
pull
61.1%
crap
60.3%
Watch
60%
or
60%
Annette?
59.5%
you're
57.8%
starting
57.5%
drool.
56.7%
rat
55.3%
even
54.8%
lust
54.5%
cool
54.5%
now
54%
object
52.6%
plain
52.6%
Donahue
52.3%
Rock
52.1%
heart
52.1%
come
51.8%
across
51.2%
his
49.9%
lost
48.8%
Hudson
47.9%
got
35.9%
crust
32.9%
You've
32.6%
fungu,
18.4%

You're not logged in!

Compare scores with friends on all Sporcle quizzes.
OR
Log In

From the Vault

'Away' Song Titles

by JoeBeta

Wait. don't go away just yet - you still have to take the quiz!
Remove Ads.
Support Sporcle.
Get the best of Sporcle when you Go Orange. This ad-free experience offers more features, more stats, and more fun while also helping to support Sporcle. Thank you for becoming a member.

Show Comments

Extras

Top Quizzes Today


Score Distribution

Your Account Isn't Verified!

In order to create a playlist on Sporcle, you need to verify the email address you used during registration. Go to your Sporcle Settings to finish the process.

Report this User

Report this user for behavior that violates our Community Guidelines.

Details: